000 00563nam a22002177a 4500
003 OSt
005 20260407122439.0
008 260407b |||||||| |||| 00| 0 eng d
020 _a978-93-5962-299-6
040 _cSBCL
082 _a894.8123
_bJOS-R
100 _aJose,Lajo
245 _aRest in Peace
250 _a15th ed.
260 _aKozhokode
_bMathrubhumi Books
_c2026
300 _a178p.
630 _xLiterature & rhetoric
650 _aLiteratures of other languages
650 _aAltaic, Uralic, Hyperborean & Dravidian
942 _cBOOK
999 _c137882
_d137882